000 00900nam a2200241 a 4500
005 20200104041543.0
008 140312s2000 ck ab gr|||| 000 0 spa d
040 _aCO-BoIAVH
_cCO-BoIAVH
041 0 _aspa
044 _ack
090 _aEA
_b350
110 2 _bColombia
_aCorporación Autónoma Regional del Alto Magdalena
245 1 0 _aEsquema de Ordenamiento Territorial :
_bMunicipio del Timaná /
_cCorporación Autónoma Regional del Alto Magdalena
260 _aNeiva :
_bCorporación Autónoma Regional del Alto Magdalena.
_c2000?
300 _a52 páginas :
_bIlustraciones, mapas ;
_c27 x 21 cm.
650 6 _aPlanes de ordenamiento ambiental
650 6 _aZonificación ambiental
650 6 _aDesarrollo territorial
650 6 _aOrdenamiento territorial
650 6 _aUso del suelo
662 _aColombia
_bHuila
_dTimaná
942 _cLIBRO
_2z
999 _c3832
_d3832